Microprocessor Architecture, Programming & Applications with the 8085 (Record no. 915)

MARC details
000 -LEADER
fixed length control field 00452nam a2200169Ia 4500
008 - FIXED-LENGTH DATA ELEMENTS--GENERAL INFORMATION
fixed length control field 221030s9999 xx 000 0 und d
020 ## - INTERNATIONAL STANDARD BOOK NUMBER
ISBN 8187972092
041 ## - LANGUAGE CODE
Language code of text/sound track or separate title
082 ## - DEWEY DECIMAL CLASSIFICATION NUMBER
Classification number 105.23
Item number Gao
100 ## - MAIN ENTRY--AUTHOR NAME
Personal name R. Gaonkar
245 #0 - TITLE STATEMENT
Title Microprocessor Architecture, Programming & Applications with the 8085
Statement of responsibility, etc by R. Gaonkar
250 ## - EDITION STATEMENT
Edition statement 5th
260 ## - PUBLICATION, DISTRIBUTION, ETC. (IMPRINT)
Name of publisher Penram International Pub.
Place of publication Mumbai
Year of publication 2003
300 ## - PHYSICAL DESCRIPTION
Number of Pages 820
650 ## - SUBJECT ADDED ENTRY--TOPICAL TERM
Topical Term Computers
942 ## - ADDED ENTRY ELEMENTS (KOHA)
Koha item type Books
Holdings
Accession Number Cost, normal purchase price Full call number Price effective from Koha item type Withdrawn / writtenoff status Materials specified (bound volume or other part) Damaged status Not for loan Permanent Location Current Location Shelving location Date acquired Lost/ Missing status department
M 403 310.00 105.23 Gao 10/30/2022 Books   Print     MIET Library, Jammu MIET Library, Jammu BL-Academic Block- B, FL-2, CUP-97, SH-6, R-6 05/19/2004   MCA
M 405 310.00 105.23 Gao 10/30/2022 Books   Print     MIET Library, Jammu MIET Library, Jammu BL-Academic Block- B, FL-1, CUP-42, SH-3, R-3 05/19/2004   MCA